[Event "Heart of Finland 2015"]
[Site "Jyvaskyla"]
[Date "2015.07.19"]
[Round "9.7"]
[White "Saveliev Aleksei"]
[Black "Annenkov Kirill"]
[Result "1-0"]
[WhiteElo "2294"]
[BlackElo "2210"]
[PlyCount "115"]
[EventDate "2015.??.??"]
[WhiteClock "0:30:20"]
[BlackClock "0:47:58"]

1. e4 c6 2. d4 d5 3. exd5 cxd5 4. c4 Nf6 5. Nc3 Nc6 6. Nf3 Bg4 7. Bg5 Ne4 8.
cxd5 Nxc3 9. bxc3 Qxd5 10. Qb3 Bxf3 11. gxf3 e6 12. Qxd5 exd5 13. Rb1 b6 14.
Bb5 Kd7 15. Kd2 f6 16. Be3 Kc7 17. c4 a6 18. cxd5 axb5 19. Rhc1 Bd6 20. Rxb5
Rxa2+ 21. Kd3 Ra3+ 22. Ke2 Ra2+ 23. Kf1 Ra6 24. Rxc6+ Kd7 25. Rbxb6 Rxb6 26.
Rxb6 g5 27. Rb7+ Bc7 28. h4 Kc8 29. Ra7 gxh4 30. Kg2 Rd8 31. Kh3 Rxd5 32. Kxh4
h5 33. Ra8+ Kd7 34. Rh8 Ke6 35. Rxh5 Rd7 36. Kh3 Bb8 37. Ra5 f5 38. Ra6+ Kf7
39. f4 Ba7 40. Ra4 Bb6 41. Rb4 Ba7 42. Kg3 Ke6 43. Kf3 Kd6 44. Ke2 Kc6 45. Kd3
Rd5 46. Kc4 Ra5 47. d5+ Kd6 48. Bxa7 Rxa7 49. Rb6+ Ke7 50. Kd4 Ra2 51. Ke5 Re2+
52. Kxf5 Rxf2 53. Re6+ Kf7 54. Re4 Ra2 55. Ke5 Ke7 56. d6+ Kd7 57. Rd4 Ra1 58.
Kf6 1-0

[Event "Heart of Finland 2015"]
[Site "Jyvaskyla"]
[Date "2015.07.19"]
[Round "9.8"]
[White "Mertanen Janne"]
[Black "Ronka Erik"]
[Result "1/2-1/2"]
[WhiteElo "2228"]
[BlackElo "2189"]
[PlyCount "94"]
[EventDate "2015.??.??"]
[WhiteClock "0:08:27"]
[BlackClock "0:09:12"]

1. Nf3 Nf6 2. c4 g6 3. d4 Bg7 4. Nc3 O-O 5. e4 d6 6. Be2 e5 7. Be3 exd4 8. Nxd4
Re8 9. f3 c6 10. Bf2 d5 11. exd5 cxd5 12. c5 Nc6 13. O-O Re5 14. Re1 Qf8 15.
Nxc6 bxc6 16. Qa4 Bd7 17. Bf1 Nh5 18. Rxe5 Bxe5 19. Re1 Qb8 20. g3 Qc7 21. f4
Bg7 22. Bd4 Rb8 23. b3 a5 24. Bxg7 Nxg7 25. Qd4 Bf5 26. Bg2 Ne6 27. Qf2 Rd8 28.
Na4 d4 29. h3 h5 30. Rd1 d3 31. Rd2 Nd4 32. Kh2 Qe7 33. Nb2 Ne6 34. Na4 Nd4 35.
Nb2 Ne6 36. Na4 Qf6 37. Qe3 Qd4 38. Qxd4 Nxd4 39. Kg1 Kg7 40. Kf2 Kf6 41. Nc3
Ne6 42. Na4 g5 43. fxg5+ Nxg5 44. h4 Ne4+ 45. Bxe4 Bxe4 46. Nb2 Bf5 47. Ke3
Re8+ 1/2-1/2

[Event "Heart of Finland 2015"]
[Site "Jyvaskyla"]
[Date "2015.07.19"]
[Round "9.9"]
[White "Sklyarov Dmitry"]
[Black "Ebeling Mika"]
[Result "0-1"]
[WhiteElo "2436"]
[BlackElo "2227"]
[PlyCount "74"]
[EventDate "2015.??.??"]
[WhiteClock "0:12:49"]
[BlackClock "0:08:12"]

1. g3 e5 2. Bg2 d5 3. d3 Nf6 4. Nf3 Nc6 5. O-O Be7 6. e3 O-O 7. Nc3 h6 8. b3
Re8 9. Bb2 Bf8 10. h3 a6 11. Ne2 Bd6 12. a3 Qe7 13. Nd2 Bf5 14. e4 dxe4 15.
dxe4 Bh7 16. b4 a5 17. c3 Red8 18. Qc2 Qe6 19. Rfc1 Bf8 20. f3 Kh8 21. Nf1 Nb8
22. Ne3 c6 23. Kh2 Nbd7 24. h4 Nb6 25. Bh3 Qe8 26. Rd1 Nfd5 27. Nf1 Nc4 28. Qb3
Nde3 29. Rxd8 Qxd8 30. Nxe3 Nxe3 31. Bc1 Qd3 32. Ra2 a4 33. Qb2 Nc4 34. Qc2
Qxf3 35. Bg2 Qg4 36. Qd3 Nd6 37. Bf3 Bxe4 0-1

[Event "Heart of Finland 2015"]
[Site "Jyvaskyla"]
[Date "2015.07.19"]
[Round "9.10"]
[White "Tiitta Sauli"]
[Black "Luukkonen Tommi"]
[Result "0-1"]
[WhiteElo "2245"]
[BlackElo "2348"]
[PlyCount "68"]
[EventDate "2015.??.??"]
[WhiteClock "0:13:04"]
[BlackClock "0:33:08"]

1. g4 d5 2. Bg2 c6 3. h3 h5 4. g5 e5 5. d4 e4 6. c4 dxc4 7. Nc3 Bb4 8. Bxe4 Qe7
9. Qc2 Qe6 10. Nf3 Ne7 11. Bd2 O-O 12. O-O-O Rd8 13. Kb1 Bxc3 14. bxc3 b5 15.
Nh4 g6 16. f4 Re8 17. Bf3 a5 18. e4 b4 19. cxb4 c3 20. Bxc3 axb4 21. Bxb4 Na6
22. Bc3 Qd6 23. f5 Qf4 24. fxg6 fxg6 25. Rhf1 Rb8+ 26. Ka1 Qxh4 27. Be2 Nc7 28.
d5 cxd5 29. Be5 Be6 30. Bxc7 Rec8 31. exd5 Qb4 32. Rf6 Bf5 33. Rxf5 Rxc7 34.
Qxc7 Qb2# 0-1

[Event "Heart of Finland 2015"]
[Site "Jyvaskyla"]
[Date "2015.07.19"]
[Round "9.11"]
[White "Torkkola Henri"]
[Black "Wallner Joachim"]
[Result "1/2-1/2"]
[WhiteElo "2119"]
[BlackElo "2345"]
[PlyCount "82"]
[EventDate "2015.??.??"]
[WhiteClock "0:33:39"]
[BlackClock "1:03:03"]

1. d4 d5 2. Nf3 Nf6 3. c4 c6 4. cxd5 cxd5 5. Nc3 Nc6 6. Bf4 a6 7. Ne5 Qb6 8.
Nxc6 bxc6 9. f3 e6 10. Na4 Qb4+ 11. Kf2 c5 12. a3 Qa5 13. Nxc5 Bxc5 14. dxc5
Qxc5+ 15. e3 O-O 16. Rc1 Qe7 17. Qd4 Nh5 18. Bd3 Nxf4 19. exf4 Qb7 20. b4 Bd7
21. Rc5 Rfc8 22. Rhc1 Bb5 23. Ke3 g6 24. h4 Rxc5 25. bxc5 Re8 26. Bxb5 axb5 27.
c6 Qc7 28. Kf2 h5 29. g4 hxg4 30. fxg4 e5 31. Qxd5 exf4 32. h5 Re5 33. Qd4 Qe7
34. Qxf4 Re4 35. Qf3 Qe5 36. c7 Qb2+ 37. Kg3 Qxc1 38. Qxe4 Qxc7+ 39. Qf4 Qc3+
40. Qf3 Qe1+ 41. Kf4 Qd2+ 1/2-1/2

[Event "Heart of Finland 2015"]
[Site "Jyvaskyla"]
[Date "2015.07.19"]
[Round "9.12"]
[White "Koykka Pekka"]
[Black "Joentausta Hannu"]
[Result "1-0"]
[WhiteElo "2303"]
[BlackElo "2147"]
[PlyCount "49"]
[EventDate "2015.??.??"]

1. d4 e6 2. e4 d5 3. Nc3 Bb4 4. e5 Ne7 5. a3 Bxc3+ 6. bxc3 c5 7. Qg4 Nf5 8. Bd3
h5 9. Qh3 Nc6 10. g4 Nfe7 11. Nf3 Qc7 12. Bd2 Bd7 13. gxh5 O-O-O 14. Rg1 Kb8
15. Rxg7 cxd4 16. Kf1 dxc3 17. Bg5 Rdf8 18. Bf6 Ng8 19. Rxg8 Rfxg8 20. h6 Bc8
21. h7 Re8 22. Qh6 Ne7 23. Bxh8 Rxh8 24. Qg7 Qd8 25. Ng5 1-0

[Event "Heart of Finland 2015"]
[Site "Jyvaskyla"]
[Date "2015.07.19"]
[Round "9.13"]
[White "Kilpela Panu"]
[Black "Reinwald Patrick"]
[Result "1/2-1/2"]
[WhiteElo "2112"]
[BlackElo "2247"]
[PlyCount "43"]
[EventDate "2015.??.??"]
[WhiteClock "0:29:11"]
[BlackClock "0:32:31"]

1. e4 e5 2. Nc3 Nf6 3. g3 Bc5 4. Bg2 d6 5. Nge2 Nc6 6. Na4 Bb6 7. Nxb6 axb6 8.
d4 O-O 9. O-O exd4 10. Nxd4 Nxd4 11. Qxd4 Bd7 12. b3 Ne8 13. c3 Bc6 14. Bb2 Qf6
15. Qd2 Qe6 16. c4 f5 17. exf5 Qxf5 18. Bxc6 bxc6 19. f3 Nf6 20. Rf2 Nd7 21.
Bd4 Ne5 22. Bxe5 1/2-1/2

[Event "Heart of Finland 2015"]
[Site "Jyvaskyla"]
[Date "2015.07.19"]
[Round "9.14"]
[White "Nevanlinna Risto"]
[Black "Chernyak Viktoria"]
[Result "0-1"]
[WhiteElo "2244"]
[BlackElo "2136"]
[PlyCount "66"]
[EventDate "2015.??.??"]
[WhiteClock "0:04:49"]
[BlackClock "0:30:20"]

1. e4 c5 2. Nc3 d6 3. f4 Nc6 4. Nf3 g6 5. Bb5 Bg7 6. d3 Bd7 7. O-O Nd4 8. Bc4
b5 9. Bb3 b4 10. Ne2 Nxb3 11. axb3 Nf6 12. Qe1 Qb6 13. Kh1 a5 14. Ng3 O-O 15.
f5 a4 16. bxa4 Bxa4 17. b3 Bc6 18. Rxa8 Rxa8 19. fxg6 hxg6 20. Ne2 Ra2 21. Qh4
Rxc2 22. Neg1 Qa6 23. Rd1 Qa2 24. Ne1 Rc3 25. Bh6 Rxb3 26. Nef3 Rb1 27. Rd2 Rb2
28. Rd1 Rxg2 29. Bxg7 Kxg7 30. Rf1 b3 31. Qh3 Rf2 32. Re1 b2 33. Qg3 Rxf3 0-1

[Event "Heart of Finland 2015"]
[Site "Jyvaskyla"]
[Date "2015.07.19"]
[Round "9.16"]
[White "Viljava Tapani"]
[Black "Froewis Annika"]
[Result "1-0"]
[WhiteElo "2176"]
[BlackElo "2066"]
[PlyCount "69"]
[EventDate "2015.??.??"]
[WhiteClock "0:01:57"]
[BlackClock "0:00:56"]

1. g3 d5 2. Bg2 e5 3. d3 c6 4. Nc3 Bd6 5. e4 d4 6. Nce2 c5 7. f4 Nc6 8. Nf3
Nge7 9. O-O O-O 10. f5 f6 11. g4 g6 12. Ng3 Kh8 13. Nh4 g5 14. Nf3 h6 15. h4
Ng8 16. Kf2 Kg7 17. Rh1 Be7 18. Bd2 Rb8 19. Rh3 b5 20. Bf1 Ba6 21. Be2 Kf7 22.
hxg5 fxg5 23. Qh1 Qd6 24. Kg2 Ke8 25. Rf1 Rb6 26. Qh2 Nd8 27. Nh5 Nf7 28. Be1
Nf6 29. Ng7+ Kd7 30. Ne6 Nxg4 31. Qg3 Ne3+ 32. Kg1 Rc8 33. Rxh6 Nxh6 34. Nxe5+
Ke8 35. Bh5+ 1-0

[Event "Heart of Finland 2015"]
[Site "Jyvaskyla"]
[Date "2015.07.19"]
[Round "9.17"]
[White "Anttila Perttu"]
[Black "Radkov Bazhen D."]
[Result "0-1"]
[WhiteElo "2161"]
[BlackElo "2125"]
[PlyCount "94"]
[EventDate "2015.??.??"]
[WhiteClock "1:36:29"]
[BlackClock "0:22:16"]

1. e4 e6 2. d4 d5 3. Bd3 dxe4 4. Bxe4 c5 5. Ne2 cxd4 6. Nxd4 Bc5 7. Nb5 Qb6 8.
Qe2 Nf6 9. Bd3 O-O 10. O-O a6 11. N5c3 Qc7 12. Nd2 Nbd7 13. Nde4 Bd4 14. Qf3
Bxc3 15. bxc3 Nxe4 16. Qxe4 Nf6 17. Qh4 Qe5 18. Bg5 h6 19. Bxh6 gxh6 20. Qxh6
Ne4 21. f3 Qg5 22. Qh3 e5 23. g4 Nf6 24. Rae1 Bd7 25. Qg3 Rfe8 26. h4 Qf4 27.
Qg2 Bc6 28. Re2 Kg7 29. Qh3 Bd7 30. Rfe1 Rac8 31. Qg2 Bc6 32. Re3 Rh8 33. Rxe5
Bxf3 34. Rg5+ Qxg5 35. hxg5 Bxg2 36. gxf6+ Kxf6 37. Kxg2 Rxc3 38. Rb1 b5 39. a4
bxa4 40. Rb6+ Ke5 41. Rxa6 a3 42. Kg3 Rh1 43. Ra5+ Kd4 44. Kf4 Ra1 45. Ra4+ Kc5
46. Ke3 a2 47. Kd2 Rxd3+ 0-1

[Event "We LahS Lahti 2015"]
[Site "Lahti"]
[Date "2015.07.24"]
[Round "1"]
[White "Sipila Markku"]
[Black "Luukkonen Tommi"]
[Result "0-1"]
[WhiteElo "1972"]
[BlackElo "2336"]
[PlyCount "110"]
[EventDate "2015.??.??"]

1. d4 Nf6 2. c4 c5 3. e3 g6 4. Nc3 Bg7 5. Nf3 O-O 6. Bd3 cxd4 7. exd4 d5 8. h3
dxc4 9. Bxc4 a6 10. a3 b5 11. Ba2 Bb7 12. O-O Nbd7 13. Re1 Nb6 14. Bg5 Nc4 15.
Qe2 Bxf3 16. Qxf3 Nxb2 17. Nd5 Nxd5 18. Bxd5 Ra7 19. Re2 Na4 20. Rae1 Bf6 21.
Bh6 Bg7 22. Bg5 Nb6 23. Bb3 Nc8 24. d5 Rc7 25. d6 Qxd6 26. Bf4 e5 27. Rxe5 Bxe5
28. Bxe5 Qe7 29. Re3 Rc1+ 30. Kh2 Rc5 31. Bb2 Qc7+ 32. g3 Rf5 33. Qe2 h5 34.
Kg2 Nd6 35. f3 Nc4 36. Re7 Qc6 37. Bc1 Re5 38. Rxe5 Nxe5 39. Bf4 Nc4 40. Bc2
Re8 41. Be4 Nd6 42. Bxc6 Rxe2+ 43. Kf1 Rc2 44. Bd5 Nc4 45. g4 hxg4 46. fxg4
Nxa3 47. h4 Nc4 48. h5 gxh5 49. gxh5 Ne5 50. Bb7 Nd3 51. Be3 Nc5 52. Bd5 Rh2
53. h6 Ne6 54. Be4 Nf8 55. Kg1 Re2 0-1

[Event "We LahS Lahti 2015"]
[Site "Lahti"]
[Date "2015.07.24"]
[Round "1"]
[White "Sarwer Jeff"]
[Black "Kumpulainen Jari"]
[Result "1-0"]
[WhiteElo "2315"]
[BlackElo "1950"]
[PlyCount "65"]
[EventDate "2015.??.??"]

1. d4 d5 2. c4 c6 3. Nf3 Nf6 4. g3 Bf5 5. Bg2 e6 6. O-O Be7 7. b3 O-O 8. Bb2
Nbd7 9. Nbd2 Rc8 10. Nh4 Re8 11. f3 Nf8 12. Nxf5 exf5 13. e4 fxe4 14. fxe4 Nxe4
15. Nxe4 dxe4 16. Bxe4 Bf6 17. Qd3 Rc7 18. Rad1 g6 19. Ba3 Bg7 20. d5 Rd7 21.
Bg2 Qa5 22. b4 Qd8 23. d6 Bh6 24. Bb2 Qb6+ 25. Kh1 Qe3 26. Qb1 Qb6 27. Bd4 Qa6
28. c5 Re2 29. Rde1 Rd8 30. b5 Rxe1 31. bxa6 Rxb1 32. Rxb1 b6 33. cxb6 1-0

[Event "We LahS Lahti 2015"]
[Site "Lahti"]
[Date "2015.07.24"]
[Round "1"]
[White "Reed Darren"]
[Black "Kiltti Jyrki"]
[Result "0-1"]
[WhiteElo "1922"]
[BlackElo "2244"]
[PlyCount "50"]
[EventDate "2015.??.??"]

1. e4 e5 2. Nf3 Nc6 3. Bc4 Nf6 4. d3 d5 5. exd5 Nxd5 6. Nc3 Be6 7. Bb5 Bb4 8.
Bd2 O-O 9. Bxc6 bxc6 10. Nxe5 Qf6 11. Nc4 Nxc3 12. bxc3 Bxc3 13. Bxc3 Qxc3+ 14.
Nd2 Bg4 15. f3 Rfe8+ 16. Kf1 Bf5 17. Ne4 Bxe4 18. fxe4 f5 19. exf5 Re5 20. g4
Rae8 21. Rb1 Qd4 22. Qf3 Re3 23. Qf2 Qxg4 24. Rb8 Qh3+ 25. Kg1 Rxb8 0-1

[Event "We LahS Lahti 2015"]
[Site "Lahti"]
[Date "2015.07.24"]
[Round "1"]
[White "Kilpela Panu"]
[Black "Maki Juha"]
[Result "1-0"]
[WhiteElo "2149"]
[BlackElo "1908"]
[PlyCount "81"]
[EventDate "2015.??.??"]

1. f4 d5 2. Nf3 g6 3. e3 Bg7 4. c4 Nf6 5. cxd5 Nxd5 6. d4 O-O 7. Nc3 c5 8. Qb3
Nxc3 9. bxc3 Qc7 10. Bd2 Bf5 11. Be2 Nd7 12. O-O Nf6 13. Rfc1 Rad8 14. h3 e6
15. Be1 Rd6 16. a4 Rb6 17. Qa3 Rc8 18. a5 Rd6 19. g4 Be4 20. Nd2 Bc6 21. Qxc5
g5 22. Qxg5 Rd5 23. Qh4 Rxa5 24. Bd3 Rxa1 25. Rxa1 Qd6 26. g5 Nd5 27. Qxh7+ Kf8
28. Ne4 Qe7 29. Bd2 b5 30. h4 f5 31. Ng3 Nxf4 32. Nxf5 Nh3+ 33. Kf1 Qc7 34.
Qxg7+ Qxg7 35. Nxg7 Kxg7 36. Rxa7+ Kg8 37. Ke1 Rf8 38. Re7 Ra8 39. e4 Ra1+ 40.
Ke2 Ra2 41. Ke3 1-0

[Event "We LahS Lahti 2015"]
[Site "Lahti"]
[Date "2015.07.25"]
[Round "2"]
[White "Luukkonen Tommi"]
[Black "Virtanen Teemu"]
[Result "1-0"]
[WhiteElo "2336"]
[BlackElo "2149"]
[PlyCount "191"]
[EventDate "2015.??.??"]

1. d4 d6 2. e4 Nf6 3. Nc3 e5 4. Nf3 Nbd7 5. Bc4 Be7 6. O-O O-O 7. Re1 c6 8. a4
a5 9. b3 h6 10. Bb2 Re8 11. Qd2 Qc7 12. Nh4 Nb6 13. Bf1 Be6 14. Nf5 Bf8 15. Ne3
Rad8 16. d5 Bc8 17. g3 Be7 18. Bg2 Ng4 19. Nxg4 Bxg4 20. h3 Bd7 21. dxc6 bxc6
22. Nd1 Ra8 23. Ne3 Be6 24. Bc3 Nd7 25. f4 f6 26. Kh1 Nc5 27. Rad1 Red8 28. Qe2
Kh8 29. Qh5 Bf8 30. Nf5 Bf7 31. Qh4 Ne6 32. Rf1 Ra7 33. g4 Kg8 34. g5 hxg5 35.
fxg5 Nxg5 36. Qg3 Bh5 37. h4 Nf7 38. Bf3 Bxf3+ 39. Rxf3 d5 40. Rg1 g5 41. hxg5
Nxg5 42. Qh2 dxe4 43. Rh3 Qh7 44. Rxh7 Rxh7 45. Nh4 Bc5 46. Rg4 Rd1+ 47. Kg2
Rg1+ 48. Qxg1 Bxg1 49. Kxg1 Rxh4 50. Rxh4 Nf3+ 51. Kf2 Nxh4 52. b4 Nf5 53. bxa5
Ne7 54. Bb4 Nd5 55. Bd6 c5 56. a6 Nb6 57. a5 Na8 58. Ke3 Kf7 59. Kxe4 Ke6 60.
Bxc5 f5+ 61. Ke3 Kd5 62. Be7 f4+ 63. Kf3 Ke6 64. Bd8 Kf5 65. c4 e4+ 66. Ke2 Ke5
67. Bb6 Kd6 68. Bd4 Nc7 69. a7 Na8 70. Kf2 Ke6 71. Kg2 Nc7 72. Kh3 Kf5 73. Bb6
Na8 74. Kg2 Ke5 75. Kf2 Kd6 76. Ke2 Ke5 77. Kd2 Kd6 78. Kc3 f3 79. Bf2 Ke5 80.
Bg3+ Kf5 81. Kd4 Ke6 82. Kxe4 f2 83. Bxf2 Kd6 84. Kd4 Kc6 85. Kc3 Kb7 86. Bb6
Kc6 87. Kb4 Kd6 88. Kb5 Kd7 89. c5 Kc8 90. Kc6 Nc7 91. a6 Na8 92. Kd5 Kd7 93.
c6+ Kc8 94. Kc5 Nc7 95. Bxc7 Kxc7 96. Kb5 1-0

[Event "We LahS Lahti 2015"]
[Site "Lahti"]
[Date "2015.07.25"]
[Round "2"]
[White "Hytonen Timo"]
[Black "Sarwer Jeff"]
[Result "0-1"]
[WhiteElo "2050"]
[BlackElo "2315"]
[PlyCount "104"]
[EventDate "2015.??.??"]

1. d4 Nf6 2. c4 c5 3. d5 e6 4. Nc3 exd5 5. cxd5 d6 6. e4 g6 7. Bd3 Bg7 8. h3
Nh5 9. Nf3 O-O 10. O-O a6 11. a4 Nd7 12. Re1 Qc7 13. Nd2 Ne5 14. Bf1 c4 15. Nf3
Bd7 16. a5 Nxf3+ 17. Qxf3 f5 18. Qe2 fxe4 19. Nxe4 Bb5 20. Ng5 c3 21. Qe6+ Kh8
22. Bxb5 axb5 23. b4 Be5 24. Qg4 Nf6 25. Qe2 Qc4 26. Qxc4 bxc4 27. Ne6 c2 28.
Rxe5 dxe5 29. Nxf8 Rxf8 30. Bb2 Nxd5 31. Bxe5+ Kg8 32. b5 Nb4 33. Bb2 Nd3 34.
Bc1 Ra8 35. Bd2 Kf7 36. Kf1 Ke6 37. a6 Kd7 38. a7 b6 39. Ke2 Kc7 40. Bc1 Kb7
41. Kd2 Nxf2 42. Kxc2 Ne4 43. Ra4 Nd6 44. Rb4 Rxa7 45. Bf4 Ne4 46. Rxc4 Nc5 47.
g3 Ra2+ 48. Kc3 Ra5 49. Rb4 Ra3+ 50. Kd2 Kc8 51. Be3 Kd7 52. Rd4+ Ke6 0-1

[Event "We LahS Lahti 2015"]
[Site "Lahti"]
[Date "2015.07.25"]
[Round "2"]
[White "Kiltti Jyrki"]
[Black "Lonnqvist Henrik"]
[Result "1/2-1/2"]
[WhiteElo "2244"]
[BlackElo "2074"]
[PlyCount "84"]
[EventDate "2015.??.??"]

1. e4 c5 2. d3 Nc6 3. g3 g6 4. Bg2 Bg7 5. f4 e6 6. Nf3 Nge7 7. O-O O-O 8. Nc3
d5 9. e5 Rb8 10. a4 a6 11. Ne2 b6 12. d4 Bd7 13. Be3 Nf5 14. Bf2 cxd4 15. Nexd4
Nfxd4 16. Nxd4 Nxd4 17. Bxd4 Qc7 18. c3 Rfc8 19. b4 a5 20. Rf2 Bf8 21. Rb2 b5
22. bxa5 bxa4 23. Rxb8 Rxb8 24. a6 a3 25. Bf1 Qa5 26. Qd3 Rb3 27. a7 Bc6 28.
Qd1 Rb2 29. Qc1 Qa4 30. c4 Rc2 31. Qb1 dxc4 32. Qb8 Kg7 33. f5 gxf5 34. Qd8 c3
35. Qg5+ Kh8 36. Qf6+ Kg8 37. Qd8 Rd2 38. Qg5+ Kh8 39. Qf6+ Kg8 40. Qg5+ Kh8
41. Qf6+ Kg8 42. Qg5+ Kh8 1/2-1/2

[Event "We LahS Lahti 2015"]
[Site "Lahti"]
[Date "2015.07.25"]
[Round "2"]
[White "Peurala Jussi"]
[Black "Kilpela Panu"]
[Result "0-1"]
[WhiteElo "2022"]
[BlackElo "2149"]
[PlyCount "150"]
[EventDate "2015.??.??"]

1. e4 e5 2. d4 d6 3. dxe5 dxe5 4. Qxd8+ Kxd8 5. f4 exf4 6. Bxf4 Be6 7. Nf3 Nf6
8. Nc3 c6 9. Ng5 Bb4 10. Nxe6+ fxe6 11. O-O-O+ Nbd7 12. Bc4 Re8 13. Rhe1 Bxc3
14. bxc3 e5 15. Bg3 Kc7 16. Rf1 Re7 17. Bh4 h6 18. Bd3 Rg8 19. Rf5 g5 20. Bf2
Ne8 21. g4 Nd6 22. Rf3 Re6 23. Rf1 c5 24. c4 Kc6 25. Kb2 Rgg6 26. Bg3 a6 27. a4
Kc7 28. h3 Kd8 29. Bf2 Ke8 30. Be3 Ke7 31. a5 Rg8 32. Kc3 Reg6 33. Bc1 Rf6 34.
Kd2 Rf4 35. Ke2 Rxf3 36. Rxf3 Ne8 37. Ke3 Ng7 38. Bf1 Ne6 39. Kd3 Nd4 40. Rf2
Nc6 41. Bd2 Nf6 42. Bc3 Ke6 43. Ke3 Ne7 44. Rd2 Nc8 45. Bd3 Nd6 46. Rd1 Rb8 47.
Rb1 Nd7 48. Be1 Rc8 49. Bc3 Rc6 50. Rh1 b5 51. cxb5 axb5 52. h4 c4 53. Be2 Nf6
54. hxg5 hxg5 55. Rh6 Nf7 56. Rh1 Ra6 57. Bb4 Ne8 58. Ra1 Nc7 59. Bc5 Rc6 60.
Bb6 Na8 61. Rb1 Nd6 62. Bd8 Ra6 63. Rf1 Kd7 64. Rf8 Nc7 65. Bxg5 Rxa5 66. Bf3
Ne6 67. Rg8 Ra3+ 68. Kf2 Nd4 69. Rg7+ Kc6 70. Bg2 Rc3 71. Bd8 Rxc2+ 72. Kg3 b4
73. g5 Ne6 74. Rg8 b3 75. Bf6 b2 0-1

[Event "We LahS Lahti 2015"]
[Site "Lahti"]
[Date "2015.07.25"]
[Round "2"]
[White "Sipila Markku"]
[Black "Narhi Kimmo"]
[Result "0-1"]
[WhiteElo "1972"]
[BlackElo "2035"]
[PlyCount "44"]
[EventDate "2015.??.??"]

1. d4 d5 2. Nf3 Nf6 3. g3 c5 4. Bg2 cxd4 5. O-O e6 6. Nxd4 Be7 7. Nd2 e5 8.
N4b3 O-O 9. e3 Nc6 10. c4 Bg4 11. f3 Be6 12. cxd5 Qxd5 13. h3 Rfd8 14. Qe2 a5
15. f4 e4 16. Kh2 a4 17. Nd4 Nxd4 18. exd4 Qxd4 19. Nxe4 Bc4 20. Qe1 Bxf1 21.
Be3 Qxb2 22. Qxf1 Nxe4 0-1

[Event "We LahS Lahti 2015"]
[Site "Lahti"]
[Date "2015.07.25"]
[Round "3"]
[White "Sarwer Jeff"]
[Black "Luukkonen Tommi"]
[Result "1/2-1/2"]
[WhiteElo "2315"]
[BlackElo "2336"]
[PlyCount "34"]
[EventDate "2015.??.??"]

1. d4 Nf6 2. c4 g6 3. Nc3 Bg7 4. e4 O-O 5. Nge2 d6 6. Ng3 c5 7. d5 e6 8. h4
exd5 9. cxd5 h5 10. Bg5 a6 11. a4 Nbd7 12. Qd2 Re8 13. Be2 Qc7 14. Bh6 Bxh6 15.
Qxh6 Ne5 16. f3 c4 17. O-O-O b5 1/2-1/2

[Event "We LahS Lahti 2015"]
[Site "Lahti"]
[Date "2015.07.25"]
[Round "3"]
[White "Narhi Kimmo"]
[Black "Kiltti Jyrki"]
[Result "0-1"]
[WhiteElo "2035"]
[BlackElo "2244"]
[PlyCount "110"]
[EventDate "2015.??.??"]

1. Nf3 g6 2. d4 Nf6 3. c4 Bg7 4. Nc3 O-O 5. e4 d6 6. Be2 e5 7. O-O Nc6 8. d5
Ne7 9. b4 a5 10. Ba3 Nd7 11. bxa5 b6 12. Ne1 f5 13. Nd3 fxe4 14. Nxe4 Nf5 15.
Bb2 Rxa5 16. Nb4 Qh4 17. Bf3 Nd4 18. Bxd4 exd4 19. g3 Qh6 20. Nc6 Ne5 21. Nxe5
Bxe5 22. Bg2 d3 23. Rb1 Rxa2 24. Qxd3 Bg4 25. Rfe1 Qg7 26. f3 Bf5 27. Re2 Rfa8
28. Rd1 Ra1 29. Red2 Rxd1+ 30. Rxd1 Ra2 31. Qb3 Rb2 32. Qd3 Qf8 33. Rb1 Ra2 34.
Rd1 Qa8 35. Rd2 Ra3 36. Qe2 Qa4 37. Bf1 Ra1 38. Kf2 Qa3 39. f4 Bg7 40. Ng5 Qa4
41. Bh3 Bxh3 42. Nxh3 Qd7 43. Ng5 Bc3 44. Rd1 Rxd1 45. Qxd1 b5 46. Qd3 b4 47.
Ne6 Bf6 48. Qb3 c5 49. Qa2 Qb7 50. Qb3 Qa7 51. Ke2 Qa3 52. Qe3 Qa2+ 53. Kd3
Qb1+ 54. Ke2 Qc2+ 55. Kf3 Qxc4 0-1

[Event "We LahS Lahti 2015"]
[Site "Lahti"]
[Date "2015.07.25"]
[Round "3"]
[White "Lonnqvist Henrik"]
[Black "Hytonen Timo"]
[Result "1-0"]
[WhiteElo "2074"]
[BlackElo "2050"]
[PlyCount "61"]
[EventDate "2015.??.??"]

1. e4 c6 2. Nc3 d5 3. d4 dxe4 4. Nxe4 Bf5 5. Ng3 Bg6 6. Nf3 Nd7 7. h4 h6 8. h5
Bh7 9. Bd3 Bxd3 10. Qxd3 e6 11. c4 Ngf6 12. Bd2 Be7 13. O-O-O O-O 14. Ne4 Nxe4
15. Qxe4 Nf6 16. Qe2 b5 17. c5 a5 18. g4 Qd5 19. Kb1 Nxg4 20. Rde1 Kh8 21. Ka1
a4 22. a3 Rad8 23. Rhg1 Nf6 24. Ne5 Nh7 25. Qg4 Bf6 26. Bxh6 Ng5 27. Bxg5 Qxd4
28. Re4 Qxf2 29. Rf4 Rd4 30. Bxf6 Rd1+ 31. Rxd1 1-0

[Event "We LahS Lahti 2015"]
[Site "Lahti"]
[Date "2015.07.25"]
[Round "3"]
[White "Virtanen Teemu"]
[Black "Maki Juha"]
[Result "1/2-1/2"]
[WhiteElo "2149"]
[BlackElo "1908"]
[PlyCount "143"]
[EventDate "2015.??.??"]

1. c4 c5 2. g3 Nc6 3. Bg2 g6 4. Nf3 Bg7 5. O-O e5 6. Nc3 Nge7 7. Ne1 d6 8. Nc2
Rb8 9. Rb1 a6 10. b4 b6 11. d3 O-O 12. Bg5 Qc7 13. a4 f6 14. Bd2 Nd4 15. Ne3
Be6 16. Ncd5 Nxd5 17. Bxd5 Qd7 18. Bc3 Kh8 19. Bxd4 exd4 20. Bxe6 Qxe6 21. Nd5
Rfc8 22. b5 a5 23. Qd2 f5 24. Rbe1 Qf7 25. e4 dxe3 26. Rxe3 Be5 27. Rfe1 Qg7
28. Kh1 g5 29. Qe2 Rg8 30. f4 gxf4 31. gxf4 Bd4 32. Rg3 Qh6 33. Kg2 Rxg3+ 34.
hxg3 Rg8 35. Ne7 Rf8 36. Qe6 Qg7 37. Rh1 Bf6 38. Nxf5 Qg4 39. Re1 Bc3 40. Nxd6
Qg7 41. Re4 Bf6 42. Ne8 Qg6 43. Nxf6 Rxf6 44. Qe8+ Qxe8 45. Rxe8+ Kg7 46. Kf3
Rd6 47. Ke3 h5 48. Re4 Rg6 49. Kf3 Rd6 50. d4 cxd4 51. Ke2 Rg6 52. Rxd4 Rxg3
53. Rd6 h4 54. Kf2 Rc3 55. Rc6 Kf7 56. Kg2 Rg3+ 57. Kh2 Rc3 58. f5 Ke7 59. c5
bxc5 60. Ra6 Rb3 61. Rxa5 Kf6 62. Ra6+ Kxf5 63. Rc6 Kg4 64. Rg6+ Kf5 65. Rg2 c4
66. Rg8 Rb4 67. Rc8 Rxa4 68. b6 Rb4 69. Rb8 Ke6 70. b7 Kd7 71. Rc8 Rxb7 72.
Rxc4 1/2-1/2

[Event "We LahS Lahti 2015"]
[Site "Lahti"]
[Date "2015.07.25"]
[Round "3"]
[White "Reed Darren"]
[Black "Sipila Markku"]
[Result "0-1"]
[WhiteElo "1922"]
[BlackElo "1972"]
[PlyCount "96"]
[EventDate "2015.??.??"]

1. e4 c5 2. c3 d5 3. exd5 Qxd5 4. d4 Nc6 5. Nf3 Bf5 6. Na3 Nf6 7. Bc4 Qe4+ 8.
Be3 e6 9. O-O cxd4 10. Nxd4 Bxa3 11. bxa3 O-O 12. Re1 Nxd4 13. Bxd4 Qc6 14. Be2
Rfd8 15. Bf3 Qc7 16. Qb3 Nd5 17. g3 Rac8 18. Rac1 b6 19. Qb2 Qc4 20. Rcd1 f6
21. Be2 Qc7 22. c4 Ne7 23. Be3 e5 24. Rc1 Qd7 25. Red1 Qe8 26. Rxd8 Qxd8 27. c5
Be6 28. Rd1 Qe8 29. cxb6 axb6 30. Qxb6 Nd5 31. Qb2 Nc3 32. Rd6 Rc6 33. Rxc6
Qxc6 34. Qb8+ Kf7 35. Bh5+ Ke7 36. Qa7+ Bd7 37. Bc5+ Ke6 38. Bb4 Nb5 39. Qe3
Nd4 40. f4 Qd5 41. fxe5 fxe5 42. Qf2 Nf5 43. g4 Qd1+ 44. Be1 Nd4 45. Bf7+ Kd6
46. Bb3 Qxg4+ 47. Qg2 Nf3+ 48. Kf2 Qxg2+ 0-1

[Event "We LahS Lahti 2015"]
[Site "Lahti"]
[Date "2015.07.26"]
[Round "4"]
[White "Kiltti Jyrki"]
[Black "Kilpela Panu"]
[Result "1-0"]
[WhiteElo "2244"]
[BlackElo "2149"]
[PlyCount "87"]
[EventDate "2015.??.??"]

1. d4 e6 2. g3 d5 3. Bg2 c6 4. Nf3 f5 5. O-O Nf6 6. c4 b6 7. Ne5 Nfd7 8. cxd5
exd5 9. Nd3 Bd6 10. Bf4 Qf6 11. Nc3 Bb7 12. f3 Qxd4+ 13. e3 Qf6 14. e4 Bxf4 15.
Nxf4 d4 16. exf5 dxc3 17. Re1+ Kd8 18. Ne6+ Kc8 19. Qd6 Na6 20. f4 Ndb8 21.
bxc3 Rd8 22. Qxd8+ Qxd8 23. Nxd8 Kxd8 24. Rad1+ Nd7 25. f6 gxf6 26. Re6 Kc7 27.
Re7 Nac5 28. Rxh7 Re8 29. g4 Rg8 30. Bf3 Bc8 31. h4 Ne6 32. f5 Nef8 33. Rf7 Kb8
34. Kf2 Kc7 35. Kg3 Ba6 36. Kf4 Bc4 37. Re7 Rh8 38. g5 Rxh4+ 39. Bg4 Kd8 40.
gxf6 Rh7 41. Rdxd7+ Nxd7 42. Rxh7 Nxf6 43. Rxa7 Nd5+ 44. Ke5 1-0

[Event "We LahS Lahti 2015"]
[Site "Lahti"]
[Date "2015.07.26"]
[Round "4"]
[White "Luukkonen Tommi"]
[Black "Lonnqvist Henrik"]
[Result "1-0"]
[WhiteElo "2336"]
[BlackElo "2074"]
[PlyCount "55"]
[EventDate "2015.??.??"]

1. d4 Nf6 2. c4 g6 3. g3 Bg7 4. Bg2 O-O 5. Nc3 d6 6. Nf3 c5 7. d5 e5 8. O-O a6
9. a4 a5 10. e4 Na6 11. Ne1 Nd7 12. Nc2 f5 13. exf5 gxf5 14. f4 e4 15. g4 fxg4
16. Nxe4 Nb6 17. Ne3 Bd4 18. Kh1 Qh4 19. Ra3 Nb4 20. f5 h5 21. Nxg4 Bg7 22.
Nh6+ Bxh6 23. Bxh6 Rxf5 24. Rg3+ Kh7 25. Bg5 Rxg5 26. Nxg5+ Kg6 27. Qb1+ Kg7
28. Qh7# 1-0